Ranking Fifa - Statystyki

Ogólne statystyki
  • Ten quiz został rozwiązany 112 razy
  • Średni wynik to 24 z 30
Statystyki odpowiedzi
Pozycja Państwo % Poprawnych
1. Brazylia
99%
26. Polska
98%
4. Francja
97%
3. Argentyna
96%
11. Niemcy
96%
5. Anglia
94%
9. Portugalia
92%
2. Belgia
91%
12. Chorwacja
89%
6. Włochy
89%
16. USA
88%
7. Hiszpania
86%
8. Holandia
86%
13. Meksyk
85%
15. Szwajcaria
85%
24. Japonia
83%
25. Szwecja
83%
22. Maroko
82%
14. Urugwaj
82%
10. Dania
77%
18. Senegal
76%
17. Kolumbia
72%
27. Ukraina
71%
29. Chile
70%
28. Korea Południowa
69%
23. Peru
66%
21. Serbia
65%
19. Walia
56%
20. Iran
52%
30. Tunezja
39%
Nie znaleziono quizów pasujących do podanych kryteriów
Rozkład punktacji
Procent ludzi z każdym wynikiem
Percentyl według liczby udzielonych odpowiedzi
Twoja historia wyników
Nie rozwiązałeś tego quizu